তৰুণৰাম ফুকন ৰচনাৱলী / (Record no. 12364)
[ view plain ]
| 000 -LEADER | |
|---|---|
| fixed length control field | 00575nam a22002057a 4500 |
| 008 - FIXED-LENGTH DATA ELEMENTS--GENERAL INFORMATION | |
| fixed length control field | 210127b ||||| |||| 00| 0 eng d |
| 020 ## - INTERNATIONAL STANDARD BOOK NUMBER | |
| Price | INR 200.00 |
| 040 ## - CATALOGING SOURCE | |
| Original Cataloguing agency | Sibsagar Commerce College Central Library |
| 041 ## - LANGUAGE CODE | |
| Language code of text/sound track or separate title | Assamese |
| 082 ## - DEWEY DECIMAL CLASSIFICATION NUMBER | |
| Book Number | PHO |
| Classification number | 891.45 |
| 100 ## - MAIN ENTRY--PERSONAL NAME | |
| Personal name | Phookan, Tarunram. |
| 245 ## - TITLE STATEMENT | |
| Title | তৰুণৰাম ফুকন ৰচনাৱলী / |
| Others Title | Tarunram phukon rachanawali |
| 250 ## - EDITION STATEMENT | |
| Edition statement | 2nd ed. |
| 260 ## - PUBLICATION, DISTRIBUTION, ETC. | |
| Place of publication, distribution, etc. | Guwahati: |
| Name of publisher, distributor, etc. | Assam Publication Board. |
| Date of publication, distribution, etc. | 2003. |
| 300 ## - PHYSICAL DESCRIPTION | |
| Pages | 198 p,; |
| 650 ## - Subject | |
| Subject | Assamese language |
| 700 ## - Added Entry Personal Name | |
| Personal Name | Tamuly, Laxmi Nath. |
| 942 ## - ADDED ENTRY ELEMENTS (KOHA) | |
| Koha item type | Reference |
| Source of classification or shelving scheme | Dewey Decimal Classification |
| Withdrawn status | Lost status | Source of classification or shelving scheme | Damaged status | Not for loan | Collection code | Home library | Current library | Shelving location | Date acquired | Inventory number | Full call number | Barcode | Date last seen | Copy number | Price effective from | Koha item type |
|---|---|---|---|---|---|---|---|---|---|---|---|---|---|---|---|---|
| Dewey Decimal Classification | Not For Loan | Reference | Sibsagar Commerce College Central Library | Sibsagar Commerce College Central Library | Reference | 24/02/2020 | Rachanavali Shelf-5 | PHO 891.45 | 19404 | 24/02/2020 | 1 | 24/02/2020 | Reference |
